Państwa połączone na mapie świata #2 - Statystyki

Ogólne statystyki
  • Ten quiz został rozwiązany 30 232 razy
  • Średni wynik to 16 z 23
Odpowiedzi na mapie
Odpowiedzi zakodowano w zielono-czerwonej skali na mapie do tego quizu, zgodnie z poniższymi procentami.
 
Statystyki odpowiedzi
Kraj % Poprawnych
Rosja
100%
Finlandia
97%
Szwecja
97%
Francja
96%
Hiszpania
96%
Niemcy
96%
Dania
95%
Maroko
87%
Korea Północna
73%
Korea Południowa
72%
Mali
67%
Luksemburg
66%
Nigeria
64%
Mauretania
63%
Kamerun
50%
Kenia
46%
Etiopia
45%
Benin
44%
Burkina Faso
44%
Mozambik
44%
Republika Środkowoafrykańska
43%
Tanzania
43%
Sudan Południowy
38%
Nie znaleziono quizów pasujących do podanych kryteriów
Rozkład punktacji
Procent ludzi z każdym wynikiem
Percentyl według liczby udzielonych odpowiedzi
Twoja historia wyników
Nie rozwiązałeś tego quizu